LEADER 01399nam0 2200325 i 450 001 SUN0001846 005 20111018110447.605 010 $a88-15-04778-6 020 $aIT$b95 9131 100 $a20020701d1995 |0itac50 ba 101 $aita 102 $aIT 105 $a|||| ||||| 200 1 $aˆIl ‰lavoro in Italia$eun giurista racconta$fUmberto Romagnoli 210 $aBologna$cIl mulino$d[1995] 215 $a261 p.$d22 cm. 410 1$1001SUN0004041$12001 $aSaggi$v429$1210 $aBologna$cIl mulino. 606 $aDiritto del lavoro$xStoria$2FI$3SUNC001389 620 $dBologna$3SUNL000003 676 $a344.450109$v21 700 1$aRomagnoli$b, Umberto$3SUNV001040$0127641 712 $aIl mulino$3SUNV000011$4650 801 $aIT$bSOL$c20181109$gRICA 912 $aSUN0001846 950 $aUFFICIO DI BIBLIOTECA DEL DIPARTIMENTO DI GIURISPRUDENZA$d00 CONS IX.Eaa.6 $e00 8521 950 $aUFFICIO DI BIBLIOTECA DEL DIPARTIMENTO DI GIURISPRUDENZA$d00 CONS IX.Eaa.6 bis $e00 13615 995 $aUFFICIO DI BIBLIOTECA DEL DIPARTIMENTO DI GIURISPRUDENZA$h8521$kCONS IX.Eaa.6$op$qa 995 $aUFFICIO DI BIBLIOTECA DEL DIPARTIMENTO DI GIURISPRUDENZA$h13615$kCONS IX.Eaa.6 bis$op$qa 996 $aLavoro in Italia$9516250 997 $aUNICAMPANIA LEADER 01559nam2-2200457---450 001 990005694980203316 005 20190403125009.0 035 $a000569498 035 $aUSA01000569498 035 $a(ALEPH)000569498USA01 035 $a000569498 100 $a20060703d1955----|||y0itaa50------ba 101 $aita 102 $ait 105 $a0 00||| 200 1 $aTesti umanistici su l'Ermetismo$ftesti di Ludovico Lazzarelli, F. Giorgio Veneto, Cornelio Agrippa di Nettesheim$ga cura di E. Garin ... [et al.]$epubblicati in collaborazione con il Centro Internazionale di Studi Umanistici 210 $aRoma$cFratelli Bocca$d1955 215 $a162 p.$d25 cm. 461 0$1001000559124$12001$aArchivio di filosofia$v1955 606 $aScritti ERMETICI$xTradizione$xSec. 2. a. C. / sec. 16.$2F 620 $dROMA 676 $a135.45 700 1$aLAZZARELLI,$bLodovico$0171675 701 1$aGIORGIO,$bFrancesco$0615407 701 1$aAGRIPPA VON NETTESHEIM,$bHeinrich Cornelius$0489574 702 1$aGARIN,$bEugenio 702 1$aBRINI,$bMirella 702 1$aVASOLI,$bCesare 702 1$aZAMBELLI,$bPaola 801 0$aIT$bSA$c20111219 912 $a990005694980203316 950 0$aDipar.to di Filosofia - Salerno$dDFAA 135.45 LAZ$e2353 FIL 951 $aAA 135.45 LAZ$b2353 FIL 959 $aBK 969 $aFIL 979 $c20121027$lUSA01$h1526 979 $c20121027$lUSA01$h1615 979 $aPATRY$b90$c20130305$lUSA01$h1618 996 $aTesti umanistici su l'Ermetismo$91083902 997 $aUNISA NUM $aSA0017946